000 00437nam a2200205Ia 4500
001 12999
003 GE_BSU
008 181216s||||||||xx |||||||||||||| ||und||
020 _a97807472
040 _cGE_BSU
080 _a821.111-3
100 _aMansell,Jill.
245 _aStaying at Daisy's.
260 _aLondon.
260 _bHeadline.
260 _c2002
300 _a500p;18cm.
653 _aStaing at Daisy's.
942 _cBK
999 _c46167
_d46167